Mô phỏng hệ quang học áp dụng lý thuyết quang ma trận : Luận văn Thạc sĩ. Chuyên ngành: Vật lý lý thuyết và vật lý toán

Đề tài trình bày ma trận trong quang hình học. Các khái niệm cơ bản về phân cực, biểu diễn phân cực ánh sáng bằng vectơ Jones, ma trận Jones, biểu diễn phân cực ánh sáng bằng tham số Stokes, biểu diễn phân cực ánh sáng bằng cầu Poincaré....

詳細記述

保存先:
書誌詳細
第一著者: Lê, Văn Hiếu
フォーマット: 図書
言語:Undetermined
出版事項: Cần Thơ Trường Đại học Cần Thơ 2012
主題:
タグ: タグ追加
タグなし, このレコードへの初めてのタグを付けませんか!
Thư viện lưu trữ: Trung tâm Học liệu Trường Đại học Cần Thơ
LEADER 01237nam a2200229Ia 4500
001 CTU_174668
008 210402s9999 xx 000 0 und d
082 |a 535.01 
082 |b H309 
088 |a 60440103 
100 |a Lê, Văn Hiếu 
245 0 |a Mô phỏng hệ quang học áp dụng lý thuyết quang ma trận : 
245 0 |b Luận văn Thạc sĩ. Chuyên ngành: Vật lý lý thuyết và vật lý toán 
245 0 |c Lê Văn Hiếu ; Nguyễn Huỳnh Tuấn Anh (Người hướng dẫn) 
260 |a Cần Thơ 
260 |b Trường Đại học Cần Thơ 
260 |c 2012 
520 |a Đề tài trình bày ma trận trong quang hình học. Các khái niệm cơ bản về phân cực, biểu diễn phân cực ánh sáng bằng vectơ Jones, ma trận Jones, biểu diễn phân cực ánh sáng bằng tham số Stokes, biểu diễn phân cực ánh sáng bằng cầu Poincaré. 
650 |a Optics,Matrices,Quang học (Vật lí),Ma trận 
650 |x Mathematic,Toán học 
904 |i Hằng Ni, Năm 
980 |a Trung tâm Học liệu Trường Đại học Cần Thơ